| 000 | 01804nam a2200241Ia 4500 | ||
|---|---|---|---|
| 008 | 260220t1971||||xx |||||||||||||| ||spa|| | ||
| 040 |
_aPY-SlUNAC _bspa _erda |
||
| 041 | _aspa | ||
| 082 |
_a541.042 1 _bH195q |
||
| 100 |
_aHannay, N. B. _eAutor |
||
| 245 | 0 |
_aQuímica del estado sólido / _cpor N. B. Hannay [Autor] |
|
| 264 |
_aMadrid : _bAlhambra, _c℗1971. |
||
| 300 | _a1 volumen | ||
| 520 | _aEn "Química del estado sólido", N. B. Hannay ofrece un análisis exhaustivo de las propiedades y comportamientos de los materiales en su forma sólida, abarcando tanto teorías fundamentales como aplicaciones prácticas. El autor explora la estructura cristalina, los enlaces químicos y las interacciones atómicas que determinan las características físicas y químicas de los sólidos. A lo largo del texto, se discuten diversas técnicas de caracterización, como la difracción de rayos X y la microscopía electrónica, que permiten a los investigadores estudiar los sólidos a nivel microscópico. Además, se aborda la importancia de la química del estado sólido en campos como la semiconductores, la cerámica y la metalurgia, destacando su relevancia en la tecnología moderna. Hannay también examina los procesos de síntesis y fabricación de materiales sólidos, así como sus implicaciones en la innovación industrial. En conjunto, la obra se erige como un recurso fundamental para estudiantes e investigadores interesados en la química de los sólidos y sus aplicaciones en diversas disciplinas científicas. | ||
| 653 | _aCiencia de los materiales | ||
| 653 | _aEstado sólido | ||
| 653 | _aQuímica | ||
| 942 |
_b2026/02/17 _cBK |
||
| 999 |
_c7866 _d7866 |
||